00366nam a2200145Ia 4500008004100000020001500041041000800056082001700064100001400081245003900095260003500134300001500169365001200184650002400196210719s2003 xx 000 0 und d a8176491713 aeng a546.076 COXI aCOX (P A) aInstant notes inorganic chemistry. aNDbViva Books Pvt Ltd.,c2003 avi,261bPB b185cRs aInorganic Chemistry